Name That Dinosaur! - Statistics

General Stats
  • This quiz has been taken 67 times
  • The average score is 6 of 9
Answer Stats
Question Answer % Correct
Please Identify the Dinosaur name that means "Heavy Claw". Baryonyx
79%
Please Identify the Dinosaur name that means "Thick-headed Lizard". Pachycephalosaurus
75%
Please Identify the Dinosaur name that means "Alarming Lizard". Tarbosaurus
75%
Please Identify the Dinosaur name that means "Achelous Lizard". Achelousaurus
71%
Please Identify the Dinosaur name that means "Other Lizard". Allosaurus
71%
Please Identify the Dinosaur name that means "Frightful Lizard". Daspletosaurus
61%
Please Identify the Dinosaur name that means "Hollow Form". Coelophysis
57%
Please Identify the Dinosaur name that means "Polar Bear Lizard". Nanuqsaurus
50%
Please Identify the Dinosaur name that means "High-Spined Lizard". Acrocanthosaurus
39%
No matching quizzes found
Score Distribution
Percent of People with Each Score
Percentile by Number Answered
Your Score History
You have not taken this quiz